000 00650nam a22002177a 4500
003 URS
005 20250828100515.0
008 250326b ||||| |||| 00| 0 eng d
040 _cURS
050 _aHD69.C6
_b.N53 2013
100 _911690
_aNiblick, Jay
245 _aThe Profitable Consultant
_bA blueprint to start, grow, and sell you expertise
264 _aHoboken
_bWiley
_c©2013
336 _2rdacontent
_atext
337 _2rdamedia
_aunmediated
338 _2rdacarrier
_avolume
650 0 _911691
_aConsulting Firms
650 0 _911692
_aNew Business Enterprises.
650 0 _911693
_aReference
_xQuestions & Answers.
942 _2lcc
_cCR
999 _c85056
_d85054